Statistics for 20 Largest States

Click here to take the quiz!

General Stats

  • This quiz has been taken 233 times
  • The average score is 18 of 20

Answer Stats

RankArea (km)Area (mi)State% Correct
2696,621268,581Texas
99%
11,717,854663,267Alaska
98%
3423,970163,696California
98%
6295,254113,998Arizona
94%
7286,351110,561Nevada
94%
8269,601104,094Colorado
94%
9254,80598,381Oregon
94%
18184,66571,300Washington
94%
5314,915121,589New Mexico
93%
4380,838147,042Montana
92%
12225,17186,939Kansas
92%
17199,73177,116South Dakota
91%
20181,03569,898Florida
91%
14216,44683,570Utah
91%
19183,11270,700North Dakota
90%
10253,34897,818Wyoming
89%
11253,26697,790Minnesota
88%
15213,09682,277Michigan
86%
13219,88784,899Idaho
86%
16200,34577,354Nebraska
84%

Score Distribution

Percentile by Number Answered

Percent of People with Each Score

Your Score History

You have not taken this quiz